Lectures on ethics

Đã lưu trong:
书目详细资料
主要作者: Kant, Immanuel
格式: 图书
语言:Undetermined
出版: New York Harper & Row 1963
主题:
标签: 添加标签
没有标签, 成为第一个标记此记录!
Thư viện lưu trữ: Trung tâm Học liệu Trường Đại học Cần Thơ
LEADER 00530nam a2200181Ia 4500
001 CTU_90251
008 210402s9999 xx 000 0 und d
082 |a 171 
082 |b K16 
100 |a Kant, Immanuel 
245 0 |a Lectures on ethics 
245 0 |c Immanuel Kant; Translated by Louis Infield. Foreword to the Torchbook ed. by Lewis White Beck. 
260 |a New York 
260 |b Harper & Row 
260 |c 1963 
650 |a Ethics 
904 |i Nguyên,Hải 
980 |a Trung tâm Học liệu Trường Đại học Cần Thơ